| 000 | 00848nam a22002297a 4500 | ||
|---|---|---|---|
| 999 |
_c4346 _d4346 |
||
| 003 | AR-CdUCM | ||
| 008 | 190308b ||||| |||| 00| 0 spa d | ||
| 040 |
_aMUNICIPALIDAD PROVINCIAL DEL CUSCO _cBIBLIOTECA MUNICIPAL DEL CUSCO |
||
| 082 |
_a791.84 / _bF52 |
||
| 100 |
_aFigueroa, Nelson _913731 |
||
| 245 | _aTécnicas de trabajo radial popular / | ||
| 260 |
_aLima : _bCentro de producción y documentación radiofónica, _c1983. |
||
| 300 |
_a133 páginas ; _bilustraciones. _c20 cm. |
||
| 505 | _aAcerca de la emisora -- Conociendo el miedo -- El lenguaje radiofónico -- El mensaje y los formatos... | ||
| 650 |
_aTrabajo radial. _913732 |
||
| 650 |
_aradio. _913733 |
||
| 650 |
_aMedios de comunicación. _911199 |
||
| 700 |
_aSanchez, Pedro _913734 |
||
| 700 |
_aBullon, William _913735 |
||
| 942 |
_2ddc _cLIBROS |
||
| 945 |
_awfj _d2019-03-08 |
||